000 00314nam a22001337a 4500
008 170614b xxu||||| |||| 00| 0 eng d
020 _a9780582355606
041 _aeng
080 _a323
100 _a19
101 _aSHP
245 _aPOLITICAL IN BRITISH POLITICS SCIENCE
_cMACFARLANE.L.J
942 _2udc
_cBK
999 _c17418
_d17418